Geography Quiz

Random Geography or State Quiz

Erase the USA Quiz Stats

Quiz Updated Jun 26, 2017

Challenge
Share
Tweet
Score 0/50 Timer 04:00
16 Plays Today
% Correct
???
43.7%
???
43.7%
???
43.6%
???
43.4%
???
42.9%
???
42.8%
???
42.2%
???
41.6%
???
41.5%
???
41.4%
???
41.4%
???
41.3%
???
41.3%
???
40.7%
???
40.4%
???
40.4%
???
40.3%
???
40.1%
???
40%
???
40%
???
39.8%
???
39.7%
???
39.4%
???
39.2%
???
39.1%
% Correct
???
38.7%
???
38.5%
???
37.8%
???
37.8%
???
37.8%
???
37.7%
???
37.6%
???
37.5%
???
36.9%
???
36.5%
???
36.5%
???
36.3%
???
36.3%
???
36.2%
???
36%
???
35.5%
???
35.3%
???
35.1%
???
34.7%
???
34.6%
???
34.4%
???
33.9%
???
33.8%
???
33.6%
???
33.1%

You're not logged in!

Compare scores with friends on all Sporcle quizzes.
Sign Up with Email
OR
Log In

You Might Also Like...

Show Comments

Extras

Top Quizzes Today


Score Distribution

Your Account Isn't Verified!

In order to create a playlist on Sporcle, you need to verify the email address you used during registration. Go to your Sporcle Settings to finish the process.

Report this User

Report this user for behavior that violates our Community Guidelines.

Details: